000 00372nam a22001217a 4500
082 _a380 SBP
100 _aState Bank of Pakistan
245 _aImport of goods and services April 2011
_cState Bank of Pakistan
260 _aKarachi
_bStatistics and data warehouse Deptt
_c2011
300 _a363p
942 _2ddc
_cBK
999 _c587799
_d587799